Two blades of grass research for U.S. agriculture

Gespeichert in:
Bibliographische Detailangaben
1. Verfasser: Evenson, Robert E.
Format: Buch
Sprache:Englisch
Veröffentlicht: New Haven Yale University Press 1998
Schriftenreihe:Center Paper No. 517
Schlagworte:
Tags: Tag hinzufügen
Keine Tags, Fügen Sie das erste Tag hinzu!

MARC

LEADER 00000nam a2200000 4500
001 c109866
005 20221221083836.8
041 0 |a eng 
044 |a US 
245 1 0 |a Two blades of grass  |b research for U.S. agriculture  |c Robert E. Evenson 
264 1 |a New Haven  |b Yale University Press  |c 1998 
300 |a S.171-203 
490 1 |a Center Paper  |v No. 517 
830 0 |a Center Paper  |v No. 517 
610 2 0 |a pôdohospodárstvo 
610 2 0 |a poľnohospodárstvo 
610 2 0 |a technológia 
610 2 0 |a výskum 
610 2 0 |a výskum ekonomický 
610 2 0 |a USA 
100 1 |a Evenson, Robert E.